000 00710nam a2200301Ia 4500
005 20260401122333.0
008 008 250103s9999 xx 000 0 eng d
020 _a9781905422487
037 _aTB
040 _aEDL
040 _beng
040 _cEDL
041 _2eng
041 _aeng
084 _a793.31954 CHA
084 _qEDL
100 _aChakravorty, Pallabi
_91233286
245 0 _aBells of Change: Kathak Dance, Women and Modernity in India
245 0 _cChakravorty, Pallabi
260 _aCalcutta
260 _bSeagull Books
260 _c2008
300 _a216p
942 _cTB
942 _h793.31954 CHA
999 _c1846605
_d1846605